000
00451nam a2200181Ia 4500
008
090123s9999 xx 000 0 und d
082
_b
579
_a
891.463/मधुक
100
_a
मधुकर
245
_a
रिंगण
250
_a
1
260
_b
बेहेरे पु.वि.
300
_a
173
600
_a
मधुकर
630
_a
रिंगण
700
_a
मधुकर
730
_a
रिंगण
942
_c
BOOK
999
_c
38666
_d
38666